[Event "Santo Antonio de Jesus Bahia op"]
[Site "Santo Antonio de Jesus"]
[Date "2022.07.08"]
[Round "3"]
[White "Rabello, Lorenzzo Urubatan B"]
[Black "Zaak Saraiva, Victor Romario Alve"]
[Result "0-1"]
[WhiteElo "1269"]
[BlackElo "1805"]
[PlyCount "74"]
[EventDate "2022.07.07"]
[EventType "swiss"]
[EventRounds "6"]
[EventCountry "BRA"]
[SourceTitle "CBM 209 Extra"]
[Source "ChessBase"]
[SourceDate "2022.09.30"]
[SourceVersion "1"]
[SourceVersionDate "2022.09.30"]
[SourceQuality "1"]

1. e4 c5 2. Nf3 e6 3. d4 cxd4 4. Nxd4 a6 5. Nc3 Qc7 6. Be3 Nf6 7. Be2 b5 8. a3 Bb7 9. Qd3 d6 10. 0-0 Nbd7 11. Nb3 Be7 12. f4 0-0 13. f5 exf5 14. Rxf5 Nc5 15. Nxc5 dxc5 16. Bf4 Qb6 17. Kh1 c4 18. Qf3 Rad8 19. Qg3 Nxe4 20. Nxe4 Bxe4 21. Re5 Qb7 22. Re1 Bf6 23. Rh5 Rfe8 24. Bg5 Be5 25. Qh3 f6 26. Bh4 Bxb2 27. Qg3 Be5 28. Qh3 Rd2 29. Bf3 Bxf3 30. gxf3 Rxh2+ 31. Qxh2 Qxf3+ 32. Qg2 Qxh5 33. Re4 Qd1+ 34. Re1 Qh5 35. Re4 g5 36. Kg1 Bh2+ 37. Kxh2 Rxe4 0-1

[Event "Pocos de Caldas op"]
[Site "Pocos de Caldas"]
[Date "2022.03.11"]
[Round "2"]
[White "Ramos, Eduardo Pereira"]
[Black "Zaak Saraiva, Victor Romario Alve"]
[Result "0-1"]
[WhiteElo "1228"]
[BlackElo "1754"]
[PlyCount "90"]
[EventDate "2022.03.11"]
[EventType "swiss"]
[EventRounds "6"]
[EventCountry "BRA"]
[SourceTitle "CBM 207 Extra"]
[Source "ChessBase"]
[SourceDate "2022.05.31"]
[SourceVersion "1"]
[SourceVersionDate "2022.05.31"]
[SourceQuality "1"]

1. d4 Nf6 2. Bf4 d5 3. e3 c5 4. c3 Nc6 5. Bd3 Qb6 6. Qb3 c4 7. Qxb6 axb6 8. Bc2 b5 9. Nd2 b4 10. e4 b3 11. Bb1 dxe4 12. Nxe4 Nxe4 13. Bxe4 Rxa2 14. Rb1 e6 15. Nf3 Bd7 16. 0-0 Be7 17. Rfe1 f5 18. Bxc6 Bxc6 19. Nd2 Bd5 20. f3 Kd7 21. Nf1 b5 22. Ne3 Bc6 23. Re2 g5 24. Be5 Rha8 25. Rbe1 h5 26. Kf2 f4 27. Nd1 Ra1 28. h4 Bd5 29. g4 hxg4 30. fxg4 f3 31. Re3 gxh4 32. Rh1 Rc1 33. Ree1 Rc2+ 34. Ke3 Bg5+ 35. Bf4 Bxf4+ 36. Kxf4 f2 37. Ref1 Bxh1 38. Rxh1 f1Q+ 39. Rxf1 Rf8+ 40. Kg5 Rxf1 41. Ne3 Rcf2 42. Nxf1 Rxf1 43. Kxh4 Rf2 44. g5 Rxb2 45. g6 Rg2 0-1

[Event "Pocos de Caldas op"]
[Site "Pocos de Caldas"]
[Date "2022.03.11"]
[Round "1"]
[White "Zaak Saraiva, Victor Romario Alve"]
[Black "Rangel, Daniel"]
[Result "0-1"]
[WhiteElo "1754"]
[BlackElo "2207"]
[PlyCount "34"]
[EventDate "2022.03.11"]
[EventType "swiss"]
[EventRounds "6"]
[EventCountry "BRA"]
[SourceTitle "CBM 207 Extra"]
[Source "ChessBase"]
[SourceDate "2022.05.31"]
[SourceVersion "1"]
[SourceVersionDate "2022.05.31"]
[SourceQuality "1"]

1. e4 c5 2. Nf3 g6 3. c3 Bg7 4. d4 cxd4 5. cxd4 d5 6. Bb5+ Bd7 7. Bxd7+ Qxd7 8. e5 Nc6 9. 0-0 e6 10. a3 Nge7 11. b4 0-0 12. Nbd2 Nc8 13. Nb3 Nb6 14. b5 Ne7 15. a4 Nc4 16. Nc5 Qc7 17. Nd2 Nxe5 0-1

[Event "Florianopolis op 8th"]
[Site "Florianopolis"]
[Date "2022.01.27"]
[Round "5"]
[White "Zaak Saraiva, Victor Romario Alve"]
[Black "De Souza, Sergio R Rastoldo"]
[Result "1-0"]
[WhiteElo "1648"]
[BlackElo "1910"]
[PlyCount "106"]
[EventDate "2022.01.24"]
[EventType "swiss"]
[EventRounds "10"]
[EventCountry "BRA"]
[SourceTitle "CBM 206 Extra"]
[Source "ChessBase"]
[SourceDate "2022.03.31"]
[SourceVersion "1"]
[SourceVersionDate "2022.03.31"]
[SourceQuality "1"]

1. e4 e6 2. d3 c5 3. Nf3 Nc6 4. g3 d6 5. Bg2 Be7 6. c3 Nf6 7. Nbd2 h6 8. d4 cxd4 9. cxd4 Qa5 10. 0-0 0-0 11. Nb3 Qh5 12. Re1 e5 13. d5 Nb4 14. a3 Na6 15. Nbd2 Nc5 16. Qe2 a5 17. b3 Bd7 18. Rb1 b5 19. b4 Na4 20. Qd3 Rfc8 21. Bb2 axb4 22. axb4 Ra7 23. Rec1 Rxc1+ 24. Bxc1 Rc7 25. Bb2 Be8 26. Ba1 Qg4 27. h3 Qc8 28. Ne1 Rc1 29. Nb3 Rxb1 30. Qxb1 Bd7 31. Kh2 Bd8 32. Qc2 Qc4 33. Qxc4 bxc4 34. Nd2 Bb5 35. Nb1 Bb6 36. f4 Nd7 37. Na3 Ba6 38. Bf1 Bf2 39. Nec2 Nab6 40. Kg2 Bd4 41. Nxd4 exd4 42. Bxd4 f6 43. b5 Bb7 44. Bxb6 Nxb6 45. Nxc4 Nxc4 46. Bxc4 Kf7 47. b6 Ke7 48. Bb5 Kd8 49. Bc6 Ke7 50. Kf3 Ba6 51. e5 fxe5 52. fxe5 dxe5 53. Ke4 Kd6 1-0

[Event "Sao Paulo Hebraica op 28th"]
[Site "Sao Paulo"]
[Date "2022.01.16"]
[Round "6"]
[White "Zaak Saraiva, Victor Romario Alve"]
[Black "Cirilo, Guilherme de Araujo"]
[Result "0-1"]
[WhiteElo "1648"]
[BlackElo "1891"]
[PlyCount "56"]
[EventDate "2022.01.14"]
[EventType "swiss"]
[EventRounds "6"]
[EventCountry "BRA"]
[SourceTitle "CBM 206 Extra"]
[Source "ChessBase"]
[SourceDate "2022.03.31"]
[SourceVersion "1"]
[SourceVersionDate "2022.03.31"]
[SourceQuality "1"]

1. d4 d5 2. c4 e6 3. Nf3 Nf6 4. g3 Be7 5. Bg2 0-0 6. 0-0 dxc4 7. Ne5 c5 8. dxc5 Bxc5 9. Nxc4 Nbd7 10. Nc3 Qc7 11. Ne3 a6 12. a3 Rb8 13. Qc2 b5 14. Bd2 Bb7 15. Rac1 Bxg2 16. Kxg2 Rbc8 17. b4 Bd4 18. Qb3 Qe5 19. Rfd1 Qh5 20. Nc2 Bxc3 21. Bxc3 Qxe2 22. Rd2 Qh5 23. Rcd1 Ne5 24. Bxe5 Qxe5 25. Qe3 Qh5 26. Qb6 Rxc2 27. Rd8 Rc8 28. Qd6 Rcxd8 0-1

[Event "Sao Paulo Hebraica op 28th"]
[Site "Sao Paulo"]
[Date "2022.01.15"]
[Round "3"]
[White "Senday, Guilherme"]
[Black "Zaak Saraiva, Victor Romario Alve"]
[Result "0-1"]
[WhiteElo "1800"]
[BlackElo "1648"]
[PlyCount "70"]
[EventDate "2022.01.14"]
[EventType "swiss"]
[EventRounds "6"]
[EventCountry "BRA"]
[SourceTitle "CBM 206 Extra"]
[Source "ChessBase"]
[SourceDate "2022.03.31"]
[SourceVersion "1"]
[SourceVersionDate "2022.03.31"]
[SourceQuality "1"]

1. e4 c5 2. Nf3 e6 3. d4 cxd4 4. Nxd4 a6 5. Nc3 Qc7 6. Bd3 Nf6 7. 0-0 Bc5 8. Be3 d6 9. Nb3 Bxe3 10. fxe3 Nbd7 11. Be2 0-0 12. Nd2 b5 13. Bf3 Bb7 14. a3 Ne5 15. Qe1 Qb6 16. Nd1 Rac8 17. c3 d5 18. Qh4 Ng6 19. Qg3 dxe4 20. Nxe4 Bxe4 21. Bxe4 Nxe4 22. Qg4 Nf6 23. Qf3 Qc6 24. Qh3 Qe4 25. Nf2 Qh4 26. Qf3 Ne5 27. Qf4 Qxf4 28. exf4 Nc4 29. Ra2 Nd5 30. Nd3 Rfd8 31. Rf3 Nde3 32. Ra1 Rxd3 33. Re1 Rd1 34. Rfxe3 Nxe3 35. Rxd1 Nxd1 0-1

[Event "Pan American-ch U1700"]
[Site "Timbo"]
[Date "2021.12.04"]
[Round "8"]
[White "Do Amaral Vailant, Helena Ketheryne"]
[Black "Zaak Saraiva, Victor Romario Alve"]
[Result "1/2-1/2"]
[WhiteElo "1467"]
[BlackElo "1693"]
[PlyCount "48"]
[EventDate "2021.12.01"]
[EventType "swiss"]
[EventRounds "9"]
[EventCountry "BRA"]
[SourceTitle "CBM 205 Extra"]
[Source "ChessBase"]
[SourceDate "2022.01.31"]
[SourceVersion "1"]
[SourceVersionDate "2022.01.31"]
[SourceQuality "1"]

1. e4 c5 2. Nc3 e6 3. Nf3 a6 4. d4 cxd4 5. Nxd4 Qc7 6. Bd3 Bc5 7. Nf3 Nf6 8. h3 d6 9. 0-0 b5 10. b3 Nbd7 11. Ne2 Bb7 12. Ng3 h5 13. Bg5 Ba7 14. Qe2 Rc8 15. c4 b4 16. Rfe1 Ne5 17. Rac1 Nfd7 18. Nxe5 Nxe5 19. Be3 Bxe3 20. Qxe3 Qc5 21. Rcd1 Qxe3 22. Rxe3 g5 23. Ne2 Ke7 24. g3 h4 1/2-1/2